000 00959cam a22002775a 4500
001 17962846
005 20160517154111.0
008 131204t2015 enka frb 001 0 eng d
020 _a129207695X
020 _a9781292076959
040 _aDLC
_beng
_cDLC
_dEG-ScBUE
_dEG-ScBUE
082 0 4 _a320.3
_bCOM
_222
245 0 0 _aComparative politics today :
_ba world view /
_c[edited by] G. Bingham Powell, Russell J. Dalton, Kaare W. Strom.
250 _a11th ed., Global ed.
260 _aHarlow :
_bPearson Education Limited,
_cc.2015.
300 _a768 p. :
_bill. (col.) ;
_c26 cm.
500 _aIndex : p. 755-768.
504 _aIncludes bibliographical references.
650 7 _aComparative government.
_2BUEsh
_96707
651 _2BUEsh
653 _bBUSBOL
_cJuly2015
_cJanuary2016
_cMay2016
700 1 _aPowell, G. Bingham,
_eeditor.
700 1 _aDalton, Russell J.,
_915707
_eeditor.
700 1 _aStrom, Kaare,
_eeditor.
942 _2ddc
_k320.3 COM
999 _c20345
_d20317